ბათუმის შოთა რუსთაველის სახელმწიფო უნივერსიტეტის ბიბლიოთეკა

Theory & practice of therapeutic massage / (ბიბ.ჩანაწერი № 57616)

000 -LEADER
fixed length control field 01109cam a22003134i 4500
001 - CONTROL NUMBER
control field 18942083
005 - DATE AND TIME OF LATEST TRANSACTION
control field 20221105215428.0
008 - FIXED-LENGTH DATA ELEMENTS--GENERAL INFORMATION
fixed length control field 160120s2017 at a bf 001 0 eng
010 ## - LIBRARY OF CONGRESS CONTROL NUMBER
LC control number 2016931122
020 ## - INTERNATIONAL STANDARD BOOK NUMBER
International Standard Book Number 9781285187556 (hbk) 1
020 ## - INTERNATIONAL STANDARD BOOK NUMBER
International Standard Book Number 1285187555 (hbk) 1
041 ## - LANGUAGE CODE
Language code of text/sound track or separate title eng
050 00 - LIBRARY OF CONGRESS CALL NUMBER
Classification number RM721
Item number .B42 2017
080 ## - UNIVERSAL DECIMAL CLASSIFICATION NUMBER
Universal Decimal Classification number 615.82 B-52
082 00 - DEWEY DECIMAL CLASSIFICATION NUMBER
Edition number
100 1# - MAIN ENTRY--PERSONAL NAME
Personal name Beck, Mark,
Relator term author.
9 (RLIN) 9242
245 10 - TITLE STATEMENT
Title Theory & practice of therapeutic massage /
Statement of responsibility, etc. Mark F. Beck ; photography by Yanik Chauvin.
250 ## - EDITION STATEMENT
Edition statement Sixth edition.
264 #1 - PRODUCTION, PUBLICATION, DISTRIBUTION, MANUFACTURE, AND COPYRIGHT NOTICE
Place of production, publication, distribution, manufacture Australia ;
-- United States :
Name of producer, publisher, distributor, manufacturer Cengage Learning,
Date of production, publication, distribution, manufacture, or copyright notice [2017]
300 ## - PHYSICAL DESCRIPTION
Extent 956 pages :
Other physical details illustrations (some color) ;
Dimensions 29 cm.
650 #0 - SUBJECT ADDED ENTRY--TOPICAL TERM
Topical term or geographic name entry element Massage therapy
Form subdivision Handbooks, manuals, etc.
9 (RLIN) 9243
653 ## - INDEX TERM--UNCONTROLLED
keyword მასაჟი
653 ## - INDEX TERM--UNCONTROLLED
keyword მედიცინა
653 ## - INDEX TERM--UNCONTROLLED
keyword თერაპია
906 ## - LOCAL DATA ELEMENT F, LDF (RLIN)
a 7
b cbc
c origcop
d 2
e epcn
f 20
g y-gencatlg
942 ## - ADDED ENTRY ELEMENTS (KOHA)
Source of classification or shelving scheme
Koha item type წიგნი
ეგზემპლარები
Withdrawn status Lost status Source of classification or shelving scheme Damaged status Not for loan Permanent Location Current Location Shelving location Date acquired Cost, normal purchase price Full call number Barcode Date last seen Copy number Price effective from Koha item type Public note
          ბათუმის შოთა რუსთაველის სახელმწიფო უნივერსიტეტის მთავარი ბიბლიოთეკა ბათუმის შოთა რუსთაველის სახელმწიფო უნივერსიტეტის მთავარი ბიბლიოთეკა წიგნსაცავი 2020-08-18 181.00 615.82 B-52 60796 2020-08-18 60796 2020-08-18 წიგნი 181 ლ.